El fin de la dialéctica: pobreza sin revolución y capitalismo sin riqueza /

Guardat en:
Dades bibliogràfiques
Autor principal: Hernández, Raúl Augusto
Format: Text
Etiquetes: Afegir etiqueta
Sense etiquetes, Sigues el primer a etiquetar aquest registre!

MARC

LEADER 00000 a a2200000 04500
001 16770
003
040
100 |a Hernández, Raúl Augusto  
245 |a El fin de la dialéctica: pobreza sin revolución y capitalismo sin riqueza /  |c Raúl Augusto Hernández 
773 |g volumen 36, número 106; páginas 35-59  
999 |c 20101  |d 20101